000 00253nam a2200097Ia 4500
008 120527s9999 xx 000 0 und d
100 _aSmith,J.L
245 _aThe university of Miami neuro opthalmology
260 _bCharles and Thomas Pub.
942 _cBK
999 _c19670
_d19670